The Romantic Tracklist (Bruno Mars) - Statistics

General Stats
  • This quiz has been taken 87 times
  • The average score is 8 of 9
Answer Stats
# The Romantic % Correct
2 Cha Cha Cha
97%
1 Risk It All
97%
3 I Just Might
95%
9 Dance With Me
85%
6 On My Soul
85%
4 God Was Showing Off
83%
5 Why You Wanna Fight?
83%
7 Something Serious
81%
8 Nothing Left
71%
No matching quizzes found
Score Distribution
Percent of People with Each Score
Percentile by Number Answered
Your Score History
You have not taken this quiz